[Event "Boynton Action"]
[Site "Detroit, Mich."]
[Date "1990.12.16"]
[Round "4"]
[White "Thompson, Dexter"]
[Black "Moody, David"]
[Result "1-0"]
[WhiteElo "2295"]
[BlackElo "2043"]
[PlyCount "37"]
[EventDate "1990.12.16"]

1. e4 e5 2. Nf3 Nc6 3. d4 exd4 4. c3 dxc3 5. Bc4 cxb2 6. Bxb2 d6 7. Qb3 Qd7 8.
Bc3 Nf6 9. Nbd2 Be7 10. Bxf7+ Kf8 11. O-O Nd8 12. Bc4 c6 13. e5 Ng4 14. exd6
Bxd6 15. Ne4 b5 16. Bxb5 cxb5 17. Nxd6 Nb7 18. Nxc8 Rxc8 19. Bb4+ 1-0

[Event "Boynton Action"]
[Site "Detroit, Mich."]
[Date "1990.12.16"]
[Round "1"]
[White "Moody, David"]
[Black "Houston, Ryan"]
[Result "1-0"]
[WhiteElo "2043"]
[BlackElo "1300"]
[PlyCount "93"]
[EventDate "1990.12.16"]

1. e4 e5 2. Nf3 Nf6 3. Nxe5 Qe7 4. d4 d6 5. Nf3 Nxe4 6. Be2 Bg4 7. O-O d5 8.
Re1 Nc6 9. c4 O-O-O 10. cxd5 Rxd5 11. Nc3 Nxc3 12. bxc3 Qd6 13. Ne5 Nxe5 14.
Bxg4+ Nxg4 15. Qxg4+ f5 16. Qg5 Qd8 17. Qxd8+ Rxd8 18. Bg5 Rd5 19. Re8+ Kd7 20.
Rae1 h6 21. Rd8+ Kc6 22. Re6+ Rd6 23. Rexd6+ cxd6 24. Be7 Kc7 25. Rxf8 Rxf8 26.
Bxf8 b5 27. Bxg7 h5 28. Kf1 Kc6 29. Ke2 Kd5 30. Kd3 a5 31. g3 Ke6 32. c4 b4 33.
d5+ Kd7 34. Kd4 a4 35. c5 a3 36. c6+ Kc7 37. Kc4 b3 38. axb3 a2 39. Kb5 a1=Q
40. Bxa1 Kc8 41. Kb6 Kb8 42. c7+ Kc8 43. Kc6 h4 44. b4 f4 45. b5 h3 46. b6 f3
47. b7# 1-0

[Event "Boynton Action"]
[Site "Detroit, Mich."]
[Date "1990.12.16"]
[Round "3"]
[White "Moody, David"]
[Black "Grams, Paul"]
[Result "1-0"]
[WhiteElo "2043"]
[BlackElo "1817"]
[PlyCount "39"]
[EventDate "1990.12.16"]

1. e4 c5 2. d4 cxd4 3. c3 dxc3 4. Nxc3 Nc6 5. Nf3 d6 6. Bc4 Na5 7. O-O Nxc4 8.
Qa4+ Bd7 9. Qxc4 Rc8 10. Qb3 Bc6 11. Bf4 Nf6 12. e5 Bxf3 13. gxf3 dxe5 14. Bxe5
Qd7 15. Rfd1 Qc6 16. Nb5 a6 17. Na7 Qc5 18. Nxc8 Qxe5 19. Qxb7 e6 20. Qc6+ 1-0

[Event "Boynton Action"]
[Site "Detroit, Mich."]
[Date "1990.12.16"]
[Round "5"]
[White "Moody, David"]
[Black "Brattin, Vincent"]
[Result "1-0"]
[WhiteElo "2043"]
[BlackElo "1951"]
[PlyCount "85"]
[EventDate "1990.12.16"]

1. e4 c6 2. d4 d5 3. exd5 cxd5 4. Bd3 Nf6 5. c3 Qb6 6. Qb3 Qxb3 7. axb3 e6 8.
Bf4 Nc6 9. b4 Kd7 10. b5 Nd8 11. Nf3 Bd6 12. Ne5+ Bxe5 13. dxe5 Ne8 14. Be3 f6
15. exf6 gxf6 16. Rxa7 Rxa7 17. Bxa7 Nd6 18. Nd2 e5 19. O-O Kc7 20. Bc5 h5 21.
b6+ Kc6 22. b4 f5 23. Nb3 e4 24. Nd4+ Kd7 25. Be2 f4 26. Ra1 Nc6 27. Nb5 Nf5
28. Ra8 Rg8 29. Na7 Nce7 30. Bb5+ Ke6 31. Rb8 Nd6 32. Bxd6 Kxd6 33. Nxc8+ Rxc8
34. Rxb7 Rxc3 35. Rd7+ Ke6 36. Rxe7+ Kxe7 37. b7 d4 38. b8=Q e3 39. Qe5+ Kf7
40. Qxf4+ Kg8 41. Qxd4 Rc1+ 42. Bf1 e2 43. Qd5+ 1-0

[Event "Boynton Action"]
[Site "Detroit, Mich."]
[Date "1990.12.16"]
[Round "6"]
[White "Moody, David"]
[Black "Baze, Lineas"]
[Result "1-0"]
[WhiteElo "2043"]
[BlackElo "2123"]
[PlyCount "64"]
[EventDate "1990.12.16"]

1. e4 c5 2. Nf3 Nc6 3. d4 cxd4 4. Nxd4 Nf6 5. Nc3 e5 6. Ndb5 d6 7. Nd5 Nxd5 8.
exd5 Ne7 9. c3 Ng6 10. Be3 a6 11. Na3 Be7 12. Bd3 Bg5 13. Bxg6 hxg6 14. Qd2
Bxe3 15. Qxe3 b5 16. Nc2 Bd7 17. O-O-O Qc7 18. f4 f6 19. fxe5 fxe5 20. Rhf1
O-O-O 21. Rf7 Rxh2 22. Nb4 Rxg2 23. Nc6 Re8 24. Rdf1 Rg4 25. Rxg7 Rf4 26. Rxf4
exf4 27. Qxf4 Qb6 28. Nd4 Re5 29. Qf8+ Re8 30. Qf7 Rd8 31. Rxg6 b4 32. Rg8 bxc3
1-0

[Event "Pan-Am Collegiate Team"]
[Site "Cambridge, MA"]
[Date "1990.12.28"]
[Round "3"]
[White "Mortel, Bernard"]
[Black "Aldrich, Jeff"]
[Result "0-1"]
[WhiteElo "1561"]
[BlackElo "1735"]
[PlyCount "60"]
[EventDate "1990.12.27"]

1. d4 d5 2. Nf3 Nf6 3. c4 e6 4. Bg5 Nbd7 5. e3 c6 6. c5 Be7 7. Bd3 b6 8. Bxf6
Nxf6 9. cxb6 axb6 10. O-O O-O 11. Nc3 c5 12. a3 Ba6 13. Ne5 c4 14. Bc2 Qc7 15.
f4 b5 16. g4 Nd7 17. Bxh7+ Kxh7 18. g5 g6 19. Qg4 Kg7 20. h4 Rh8 21. Nxd5 Nxe5
22. fxe5 exd5 23. Rf4 Raf8 24. Raf1 Bc8 25. Qf3 Be6 26. Kg2 Qd7 27. Rh1 Bf5 28.
Rxf5 Qxf5 29. Qxf5 gxf5 30. Rh3 Rh5 0-1

[Event "Pan-Am Collegiate Team"]
[Site "Cambridge, MA"]
[Date "1990.12.28"]
[Round "2"]
[White "Aldrich, Jeff"]
[Black "Sathiyamoorthy, Sudharsan"]
[Result "1/2-1/2"]
[WhiteElo "1735"]
[BlackElo "1889"]
[PlyCount "108"]
[EventDate "1990.12.27"]

1. d4 e6 2. c4 d5 3. Nc3 Nf6 4. Bg5 Nbd7 5. cxd5 exd5 6. e3 c6 7. Bd3 Be7 8.
Nf3 h6 9. Bh4 Ne4 10. Bxe7 Qxe7 11. Qc2 f5 12. Ne2 Qb4+ 13. Nd2 Qxd2+ 14. Qxd2
Nxd2 15. Kxd2 Nf6 16. f3 O-O 17. Nf4 Kf7 18. Be2 Re8 19. Nd3 Nd7 20. f4 b6 21.
g4 fxg4 22. Bxg4 Nf6 23. Bf3 Kg8 24. Rhg1 Bf5 25. Ne5 Rac8 26. Rac1 c5 27. dxc5
bxc5 28. Ng4 Nxg4 29. Bxg4 Bxg4 30. Rxg4 d4 31. exd4 cxd4 32. Rxc8 Rxc8 33. f5
Rd8 34. Kd3 Rb8 35. b3 Rb5 36. Rf4 Kf7 37. Kxd4 Kf6 38. Ke4 Re5+ 39. Kf3 Rxf5
40. b4 g5 41. Rxf5+ Kxf5 42. a4 h5 43. b5 Ke5 44. a5 Kd5 45. b6 axb6 46. axb6
Kc6 47. Ke4 Kxb6 48. Kf5 g4 49. Kg5 Kc6 50. Kxh5 Kd6 51. Kxg4 Ke6 52. Kg5 Kf7
53. h4 Kg7 54. h5 Kh7 1/2-1/2

[Event "Pan-Am Collegiate Team"]
[Site "Cambridge, MA"]
[Date "1990.12.29"]
[Round "5"]
[White "Aldrich, Jeff"]
[Black "Fleishman, Ian"]
[Result "1-0"]
[WhiteElo "1735"]
[BlackElo "1876"]
[PlyCount "73"]
[EventDate "1990.12.27"]

1. d4 Nf6 2. c4 e5 3. dxe5 Ng4 4. Nf3 Bc5 5. e3 Nc6 6. Bd2 O-O 7. Bc3 Re8 8.
Bd3 Ngxe5 9. Nxe5 Nxe5 10. Bxh7+ Kxh7 11. Qh5+ Kg8 12. Bxe5 Qe7 13. Bc3 b6 14.
Qf3 d5 15. Qxd5 Be6 16. Qe5 f6 17. Qf4 Rad8 18. O-O Bd6 19. Qh4 Qf7 20. b3 Qg6
21. Nd2 Bf5 22. Rfe1 Re4 23. Nxe4 Bxe4 24. g3 Kf7 25. Rad1 c5 26. Rd2 Rh8 27.
Qxh8 Qg4 28. Rxd6 Qf3 29. Rd7+ Ke6 30. Qe8+ Kf5 31. Rd5+ Bxd5 32. cxd5 Kg4 33.
Qg6+ Kh3 34. Qh7+ Kg4 35. Qh4+ Kf5 36. Qf4+ Qxf4 37. exf4 1-0

[Event "Pan-Am Collegiate Team"]
[Site "Cambridge, MA"]
[Date "1990.12.29"]
[Round "4"]
[White "Aldrich, Jeff"]
[Black "Chen, Mark"]
[Result "0-1"]
[WhiteElo "1735"]
[BlackElo "1786"]
[PlyCount "106"]
[EventDate "1990.12.27"]

1. d4 g6 2. c4 Bg7 3. Nc3 d6 4. Nf3 Nc6 5. e4 e5 6. Be3 f5 7. d5 Nce7 8. Bd3
Nf6 9. Qc2 a6 10. Ng5 O-O 11. exf5 Nxf5 12. Nce4 Nxe3 13. fxe3 Nxe4 14. Nxe4
Bh6 15. Qe2 Bf5 16. h4 Qe7 17. g4 Bxe4 18. Bxe4 Bg7 19. O-O-O b5 20. h5 g5 21.
Qd3 Bh8 22. Bf5 bxc4 23. Qxc4 Bf6 24. Qe4 Rab8 25. Rdf1 a5 26. Rf2 Rb4 27. Be6+
Kh8 28. Qg2 e4 29. Rhf1 c6 30. h6 cxd5 31. Bxd5 Qe5 32. Bxe4 d5 33. Bxd5 Rxb2
34. Rxb2 Qxb2+ 35. Qxb2 Bxb2+ 36. Kxb2 Rxf1 37. Kc3 Rf6 38. Kd4 Rxh6 39. Ke5
Rb6 40. Kf5 h6 41. e4 Kg7 42. Bb3 Kf8 43. Bd5 Ke7 44. e5 a4 45. Bg8 a3 46. Bd5
Rb4 47. Kg6 Rxg4 48. Kxh6 Rd4 49. Bb7 g4 50. Kg5 g3 51. Kf5 Rd2 52. Kf4 g2 53.
Ke3 Rxa2 0-1

[Event "Pan-Am Collegiate Team"]
[Site "Cambridge, MA"]
[Date "1990.12.30"]
[Round "6"]
[White "Potentini, Salvador"]
[Black "Aldrich, Jeff"]
[Result "0-1"]
[WhiteElo "1909"]
[BlackElo "1735"]
[PlyCount "134"]
[EventDate "1990.12.27"]

1. e4 c6 2. d4 d5 3. Nd2 dxe4 4. Nxe4 Nd7 5. Bc4 e6 6. Nf3 h6 7. Qe2 Ndf6 8.
Ng3 Bd6 9. O-O Ne7 10. Bd3 O-O 11. c4 c5 12. dxc5 Bxc5 13. Bd2 Nc6 14. Bc3 Nd4
15. Bxd4 Bxd4 16. Rad1 Bc5 17. Bh7+ Kxh7 18. Rxd8 Rxd8 19. Ne5 Kg8 20. Nh5 Be7
21. Rd1 Rxd1+ 22. Qxd1 a5 23. Nf4 Ra6 24. c5 Kf8 25. g4 Ke8 26. Qd4 Bf8 27. h4
Nd7 28. Nfd3 f5 29. gxf5 exf5 30. c6 bxc6 31. Qc4 Be7 32. Qg8+ Nf8 33. Qf7+ Kd8
34. Qxg7 c5 35. Nf7+ Ke8 36. h5 Bf6 37. Qg8 Be6 38. Qg2 Bxf7 39. Qb7 Rd6 40.
Qc8+ Rd8 41. Qxf5 Bd4 42. Nf4 Rd7 43. Qe4+ Kd8 44. Qa8+ Ke7 45. Qxa5 Ne6 46.
Qe1 Kf6 47. Nd3 Rd5 48. Qe4 Rg5+ 49. Kf1 Bxh5 50. a4 Bg6 51. Qe2 Bxd3 52. Qxd3
Rf5 53. f3 Ng5 54. Qa6+ Kg7 55. a5 Rxf3+ 56. Ke1 Rb3 57. Qa7+ Kg6 58. Qa6+ Kh5
59. Qe2+ Nf3+ 60. Kd1 Re3 61. Qb5 Re1+ 62. Kc2 Bf2 63. Qb7 Nd4+ 64. Kd3 Re3+
65. Kc4 Nf5 66. a6 Nd6+ 67. Kxc5 Nxb7+ 0-1

[Event "Detroit (HPO/4/16)"]
[Site "?"]
[Date "1991.??.??"]
[Round "?"]
[White "Zacks, Naum"]
[Black "Walker, Douglas"]
[Result "0-1"]
[WhiteElo "1880"]
[BlackElo "1605"]
[PlyCount "96"]
[EventDate "1991.??.??"]

{4/(16)} 1. e4 e5 2. Nf3 Nc6 3. Bb5 Bc5 4. O-O Nge7 5. Nxe5 Nxe5 6. d4 Bb6 7.
dxe5 O-O 8. Bg5 Qe8 9. Nc3 Ng6 10. Kh1 Qxe5 11. f4 Qd4 12. f5 Ne5 13. Qh5 f6
14. Rad1 Qb4 15. Bf4 c6 16. Bxe5 fxe5 17. Ba4 Qxb2 18. Bb3+ Kh8 19. Na4 Qa3 20.
f6 gxf6 21. c4 Qe7 22. c5 Bxc5 23. Nxc5 Qxc5 24. Rd3 Qe7 25. Rfd1 b6 26. Rd6 a5
27. a3 b5 28. Qf5 Ra7 29. Qf2 Rb7 30. Qd2 b4 31. a4 Qg7 32. Rf1 Rc7 33. Qf2 c5
34. Bd5 c4 35. Qb6 Rc6 36. Bxc6 dxc6 37. Rxc6 Rg8 38. Qf2 f5 39. Rxc4 Ba6 40.
Rfc1 Bxc4 41. Rxc4 Qd7 42. Qc2 Rd8 43. h3 Qd1+ 44. Kh2 Qxc2 45. Rxc2 fxe4 46.
Rc5 Rb8 47. Rb5 Rxb5 48. axb5 b3 0-1

[Event "Detroit (HPO/2/4)"]
[Site "?"]
[Date "1991.??.??"]
[Round "?"]
[White "Zacks, Naum"]
[Black "Brooks, John"]
[Result "0-1"]
[WhiteElo "1880"]
[BlackElo "2225"]
[PlyCount "78"]
[EventDate "1991.??.??"]

{2/(4)} 1. e4 c5 2. Nf3 Nf6 3. e5 Nd5 4. Bc4 Nb6 5. Bxf7+ Kxf7 6. Ng5+ Kg8 7.
c3 h6 8. Ne4 d6 9. O-O Nc6 10. f4 Bf5 11. Ng3 Bd3 12. Rf3 dxe5 13. f5 c4 14. b4
e4 15. Rf4 Nd5 16. Rg4 Ne5 17. Rxe4 Bxe4 18. Nxe4 Qb6+ 19. Kh1 Nd3 20. Qf1 Nf6
21. Nc5 Qd6 22. Na3 Ng4 23. g3 Ngf2+ 24. Kg1 Qd5 25. Nxd3 Nxd3 26. Nc2 e6 27.
Ne3 Qd7 28. f6 gxf6 29. Nxc4 Be7 30. Nb2 Rd8 31. Nc4 b5 32. Na5 h5 33. Qf3 Rc8
34. Ba3 h4 35. Qg4+ Kf7 36. Rf1 Rcg8 37. Qf3 hxg3 38. hxg3 Rxg3+ 39. Qxg3 Rg8
0-1

[Event "Detroit (HPO/3/8)"]
[Site "?"]
[Date "1991.??.??"]
[Round "?"]
[White "Wydryck, Robert"]
[Black "Owens, James"]
[Result "0-1"]
[WhiteElo "1990"]
[BlackElo "2120"]
[PlyCount "72"]
[EventDate "1991.??.??"]

{3/(8)} 1. e4 c5 2. Nf3 d6 3. d4 cxd4 4. Nxd4 Nf6 5. Nc3 a6 6. Be2 e5 7. Nb3
Be6 8. O-O d5 9. f4 Qb6+ 10. Kh1 Nxe4 11. Nxe4 dxe4 12. fxe5 Nc6 13. Bf4 Rd8
14. Qe1 Nb4 15. Bd1 Bc4 16. Rf2 Nd5 17. Be2 Bxb3 18. axb3 Bb4 19. c3 Bc5 20.
Rf1 O-O 21. b4 Be3 22. Bg3 Bh6 23. Bc4 Qc6 24. Bb3 Ne3 25. Rf2 Qg6 26. Re2 Rd3
27. Qf2 Nf5 28. Bf4 e3 29. Qf1 Qh5 30. Rae1 Rd2 31. Rxd2 exd2 32. Rd1 Rd8 33.
Kg1 g6 34. e6 Bxf4 35. Qxf4 Qe2 36. exf7+ Kh8 0-1

[Event "Detroit (HPO/1/18)"]
[Site "?"]
[Date "1991.??.??"]
[Round "?"]
[White "Wydryck, Robert"]
[Black "Burke, David"]
[Result "1-0"]
[WhiteElo "1990"]
[BlackElo "1605"]
[PlyCount "47"]
[EventDate "1991.??.??"]

{1/(18)} 1. e4 e6 2. d4 d5 3. Nc3 Bb4 4. e5 c5 5. a3 Bxc3+ 6. bxc3 c4 7. Qg4
Ne7 8. Qxg7 Ng6 9. Nf3 Nc6 10. Ng5 Qe7 11. Nxh7 Bd7 12. Bg5 Rxh7 13. Qg8+ Qf8
14. Qxh7 Nce7 15. Bh6 Qh8 16. Qxh8+ Nxh8 17. Bg5 Nhg6 18. h4 O-O-O 19. h5 Rh8
20. O-O-O Nc6 21. hxg6 Rxh1 22. g7 Rg1 23. g8=Q+ Nd8 24. Qxd8# 1-0

[Event "Flint (MEX/3)"]
[Site "?"]
[Date "1991.??.??"]
[Round "?"]
[White "Wright, William"]
[Black "Laren, Philip"]
[Result "0-1"]
[WhiteElo "2095"]
[BlackElo "2215"]
[PlyCount "76"]
[EventDate "1991.??.??"]

1. d4 d5 2. c4 e6 3. Nc3 c5 4. cxd5 exd5 5. Nf3 Nc6 6. Bg5 Be7 7. Bxe7 Ngxe7 8.
e3 c4 9. Be2 O-O 10. O-O a6 11. a4 Bf5 12. Nh4 Be6 13. b3 cxb3 14. Qxb3 Na5 15.
Qb2 Rc8 16. Rfc1 Nec6 17. Nf3 Qd6 18. Nd2 Bf5 19. Qb6 Qb4 20. Qxb4 Nxb4 21. Ra3
Nc2 22. Rxc2 Bxc2 23. Nxd5 Rfe8 24. Nb6 Rc6 25. Nbc4 Nxc4 26. Nxc4 Bd1 27. Bxd1
Rxc4 28. Kf1 Kf8 29. a5 Rec8 30. Ke2 Rb4 31. Ra2 Rc1 32. Bc2 Ke7 33. h4 h6 34.
g3 Kd6 35. Be4 Rc3 36. Kf3 g6 37. Ke2 Rcb3 38. Ra1 Rb2+ 0-1

[Event "Flint (MEX/4)"]
[Site "?"]
[Date "1991.??.??"]
[Round "?"]
[White "Wright, William"]
[Black "Everett, Morgan"]
[Result "1/2-1/2"]
[WhiteElo "2095"]
[BlackElo "2115"]
[PlyCount "76"]
[EventDate "1991.??.??"]

1. d4 Nf6 2. Nf3 g6 3. c4 c5 4. d5 Bg7 5. Nc3 d6 6. e4 O-O 7. Be2 e5 8. dxe6
Bxe6 9. Bf4 Qa5 10. O-O Rd8 11. Qc2 Nc6 12. a3 Bg4 13. Rad1 Bxf3 14. Bxf3 Nd4
15. Qd3 Qb6 16. Rd2 Re8 17. Bd1 Rad8 18. Nd5 Nxd5 19. cxd5 Qa5 20. a4 a6 21. b3
b5 22. Ra2 Qc7 23. axb5 axb5 24. Be2 Ra8 25. Rxa8 Rxa8 26. Be3 b4 27. Qd1 Ra1
28. Qd3 Ra2 29. Bxd4 Bxd4 30. h4 Qe7 31. g3 f5 32. Bf3 f4 33. Bg2 Qe5 34. g4
Qe7 35. Qh3 g5 36. h5 h6 37. Qd3 Qf6 38. Bf3 Qe5 1/2-1/2

[Event "Ann Arbor (HVA/3/9)"]
[Site "?"]
[Date "1991.??.??"]
[Round "?"]
[White "Wright, Ken"]
[Black "McCarter, Robert"]
[Result "0-1"]
[WhiteElo "1605"]
[BlackElo "1725"]
[PlyCount "86"]
[EventDate "1991.??.??"]

{3/(9)} 1. c4 c5 2. Nc3 Nc6 3. e3 e6 4. g3 g6 5. Bg2 Bg7 6. Nge2 Nge7 7. Ne4 d5
8. Nxc5 dxc4 9. Ne4 Qd3 10. Nf4 Qd8 11. Qc2 b5 12. a3 O-O 13. O-O Qb6 14. Ng5
Bb7 15. h4 Rac8 16. h5 e5 17. Nfh3 Nd8 18. e4 gxh5 19. Qd1 Qg6 20. Qe2 h6 21.
Nf3 Bxe4 22. Nh4 Qg4 23. Qxe4 f5 24. f3 Qxg3 25. Qe1 Qxe1 26. Rxe1 Bf6 27. Nxf5
Nxf5 28. Nf2 Nh4 29. Ne4 Bg5 30. Rf1 Nxg2 31. Kxg2 Ne6 32. Nxg5 hxg5 33. Kg3
Nf4 34. Re1 Nd3 35. Re3 Rf4 36. a4 b4 37. Kg2 b3 38. Kg3 Rcf8 39. Kg2 R8f5 40.
Kg3 g4 41. fxg4 Rxg4+ 42. Kh2 Rf2+ 43. Kh3 Nf4# 0-1

[Event "Ann Arbor (HVA/5/13)"]
[Site "?"]
[Date "1991.??.??"]
[Round "?"]
[White "Wright, Ken"]
[Black "Kane, Paul"]
[Result "1-0"]
[WhiteElo "1605"]
[BlackElo "1605"]
[PlyCount "79"]
[EventDate "1991.??.??"]

{5/(13)} 1. Nf3 d5 2. d4 Nf6 3. Nc3 e6 4. b3 Bb4 5. Bd2 O-O 6. a3 Bd6 7. Bg5 c5
8. Qc1 Nc6 9. e3 Re8 10. Nb5 Be7 11. Bd3 Ne4 12. Bf4 a6 13. Nc7 Bd7 14. Nxa8
Qxa8 15. Ne5 Nxe5 16. dxe5 f6 17. Bxe4 dxe4 18. O-O g5 19. Bg3 f5 20. Qd1 Rd8
21. Qh5 Be8 22. Qh6 Bg6 23. h4 g4 24. h5 Bf8 25. Qg5 Be7 26. Qxe7 Bf7 27. Qg5+
Kh8 28. h6 Rg8 29. Qf6+ Rg7 30. hxg7+ Kg8 31. Rad1 b5 32. Rd8+ Qxd8 33. Qxd8+
Kxg7 34. Qf6+ Kg8 35. Rd1 h5 36. Rd8+ Kh7 37. Qh8+ Kg6 38. Bh4 f4 39. Qf6+ Kh7
40. Rh8# 1-0

[Event "Ann Arbor (HVA/2/12)"]
[Site "?"]
[Date "1991.??.??"]
[Round "?"]
[White "Wright, Ken"]
[Black "Collins, Devontia"]
[Result "1-0"]
[WhiteElo "1605"]
[BlackElo "1605"]
[PlyCount "107"]
[EventDate "1991.??.??"]

{2/(12)} 1. c4 Nf6 2. Nc3 g6 3. d4 Bg7 4. Nf3 O-O 5. e4 d6 6. Bf4 Nh5 7. Bg3
Nxg3 8. hxg3 Bg4 9. Be2 Nc6 10. Ng1 Bxe2 11. Ngxe2 e5 12. d5 Ne7 13. f3 f5 14.
Qd2 fxe4 15. Nxe4 Nf5 16. g4 Nh4 17. Rh2 h6 18. Qd3 g5 19. N2g3 Qd7 20. Nh5 Rf7
21. Ke2 Ng6 22. g3 Raf8 23. Rf1 a6 24. Nxg7 Kxg7 25. b3 b5 26. Nd2 bxc4 27.
Qxc4 Ne7 28. Rfh1 Rf6 29. a4 Qc8 30. Rf1 Qb7 31. Ne4 R6f7 32. Rfh1 Nxd5 33.
Rxh6 Rxf3 34. Rh7+ Kg8 35. Rh8+ Kg7 36. R1h7+ Kg6 37. Rh6+ Kg7 38. R8h7+ Kg8
39. Nf6+ R3xf6 40. Rh8+ Kg7 41. R6h7+ Kg6 42. Qe4+ Rf5 43. gxf5+ Rxf5 44. Rh6+
Kg7 45. R8h7+ Kg8 46. Qxf5 Nc3+ 47. Kd3 Qd5+ 48. Kxc3 Qd4+ 49. Kc2 Qc5+ 50. Kd2
Qd4+ 51. Kc2 Qc5+ 52. Kb1 Qg1+ 53. Ka2 Qg2+ 54. Ka3 1-0

[Event "East Lansing (MOR/7)"]
[Site "?"]
[Date "1991.??.??"]
[Round "?"]
[White "Workman, K."]
[Black "Tsuji, J."]
[Result "0-1"]
[WhiteElo "1605"]
[BlackElo "1605"]
[PlyCount "44"]
[EventDate "1991.??.??"]

1. a3 Nf6 2. b4 e6 3. Bb2 b6 4. Nc3 Bb7 5. e3 c5 6. b5 d5 7. d4 cxd4 8. Qxd4
Bc5 9. Qe5 Bd6 10. Qg5 O-O 11. O-O-O h6 12. Qh4 Nbd7 13. f4 Rc8 14. Bd3 Qe7 15.
Nb1 Rc7 16. Ne2 Rfc8 17. Nd4 Nc5 18. Kd2 Nfe4+ 19. Bxe4 Qxh4 20. Bf3 Ne4+ 21.
Bxe4 Qf2+ 22. Kd3 dxe4# 0-1

[Event "East Lansing (MOR/1)"]
[Site "?"]
[Date "1991.??.??"]
[Round "?"]
[White "Workman, K."]
[Black "Stanulis, T."]
[Result "0-1"]
[WhiteElo "1605"]
[BlackElo "1605"]
[PlyCount "94"]
[EventDate "1991.??.??"]

1. a3 e5 2. b4 Nc6 3. Bb2 d6 4. Nc3 Nf6 5. e4 a6 6. b5 axb5 7. Bxb5 Bd7 8. Bc4
Na5 9. Ba2 c5 10. Nd5 Nxe4 11. Qf3 Nf6 12. Nxf6+ Qxf6 13. Qxf6 gxf6 14. Nf3 Bc6
15. Nh4 b5 16. d3 Rb8 17. O-O Rg8 18. g3 b4 19. Bb1 b3 20. c4 Kd7 21. f4 exf4
22. Rxf4 Bh6 23. Rxf6 Rbf8 24. Rxh6 Re8 25. Kf2 Re7 26. d4 Nxc4 27. Bf5+ Kc7
28. Rb1 Rge8 29. Bd3 Ne3 30. h3 c4 31. Bxh7 Nd1+ 32. Rxd1 Re2+ 33. Kg1 Rxb2 34.
Rf6 c3 35. Rxf7+ Kb6 36. Rf6 Be4 37. Bxe4 Rxe4 38. Rf2 Rxf2 39. Kxf2 c2 40. Rd3
c1=Q 41. Rxb3+ Ka6 42. Nf3 Qc2+ 43. Kf1 Qxb3 44. Nd2 Qd3+ 45. Kg2 Re2+ 46. Kh1
Qxd2 47. d5 Qe1# 0-1

[Event "East Lansing (MOR/4)"]
[Site "?"]
[Date "1991.??.??"]
[Round "?"]
[White "Workman, K."]
[Black "Rumsey, S."]
[Result "0-1"]
[WhiteElo "1605"]
[BlackElo "1605"]
[PlyCount "92"]
[EventDate "1991.??.??"]

1. a3 Nf6 2. b4 d5 3. Bb2 e6 4. d4 Be7 5. Nd2 O-O 6. f3 b6 7. Nb3 Ba6 8. Nh3
Qd6 9. Qd2 Nbd7 10. O-O-O Rfc8 11. Nf2 c5 12. bxc5 bxc5 13. e4 Qb6 14. Nxc5
Nxc5 15. dxc5 Bxc5 16. Bxa6 Be3 17. Bxc8 Bxd2+ 18. Rxd2 Rxc8 19. Bxf6 gxf6 20.
Ng4 Rb8 21. Rdd1 Kg7 22. h4 h5 23. Nh2 Qe3+ 24. Rd2 Qxa3+ 25. Kd1 Rb1+ 26. Ke2
Rxh1 27. Nf1 Qa6+ 28. Rd3 Rxf1 29. Kxf1 dxe4 30. fxe4 Qc4 31. Kg1 Qxc2 32. Rg3+
Kh7 33. Rf3 Qxe4 34. Kh2 Qxh4+ 35. Rh3 Qxh3+ 36. Kxh3 Kg6 37. Kg3 a5 38. Kf3 a4
39. g4 hxg4+ 40. Kxg4 a3 41. Kf4 a2 42. Ke4 a1=Q 43. Kf3 Kf5 44. Kg2 Kg4 45.
Kh2 Kf3 46. Kh3 Qh1# 0-1

[Event "East Lansing (MOR/5)"]
[Site "?"]
[Date "1991.??.??"]
[Round "?"]
[White "Wolak, K."]
[Black "Repas, B."]
[Result "1-0"]
[WhiteElo "1605"]
[BlackElo "1605"]
[PlyCount "91"]
[EventDate "1991.??.??"]

1. e4 c5 2. d4 cxd4 3. c3 dxc3 4. Nxc3 Nc6 5. Bc4 g6 6. Nf3 Bg7 7. Bf4 e6 8.
O-O Nge7 9. Nb5 e5 10. Nd6+ Kf8 11. Nxf7 Qc7 12. Bg5 Na5 13. Nxh8 Nxc4 14.
Bxe7+ Kxe7 15. Nxg6+ hxg6 16. Rc1 Bh6 17. Rc2 b5 18. b3 Ne3 19. Rxc7 Nxd1 20.
Rxd1 Ke6 21. h4 d6 22. Ng5+ Bxg5 23. hxg5 Bd7 24. g3 a5 25. a3 a4 26. b4 Rf8
27. Kg2 Ke7 28. Rdc1 Kd8 29. Rb7 Rf7 30. g4 Ke7 31. f3 Ke6 32. Rb6 Be8 33. Rd1
Rd7 34. Rxb5 Rc7 35. Rbd5 Rd7 36. b5 Ke7 37. b6 Bf7 38. Ra5 Bb3 39. Rc1 Rd8 40.
Rc7+ Ke6 41. b7 Bd1 42. Rc8 Bxf3+ 43. Kxf3 d5 44. Rxd8 dxe4+ 45. Ke2 e3 46.
b8=Q 1-0

[Event "East Lansing (MOR/3)"]
[Site "?"]
[Date "1991.??.??"]
[Round "?"]
[White "Wolak, K."]
[Black "Gregg, Ted"]
[Result "1-0"]
[WhiteElo "1605"]
[BlackElo "1605"]
[PlyCount "120"]
[EventDate "1991.??.??"]

1. e4 e5 2. Nc3 Nf6 3. Nf3 Nc6 4. Bb5 d6 5. O-O Bd7 6. Bxc6 Bxc6 7. d3 Be7 8.
Bg5 O-O 9. Bxf6 Bxf6 10. Nd5 Bxd5 11. exd5 Qd7 12. c4 Rfe8 13. Qe2 Rac8 14. Nd2
g6 15. Ne4 Bg7 16. h3 c6 17. Rac1 f5 18. dxc6 Rxc6 19. Nc3 Rec8 20. Nd5 b5 21.
b3 bxc4 22. dxc4 e4 23. g4 Rf8 24. gxf5 gxf5 25. Qh5 Qf7 26. Qg5 Kh8 27. Kh1
Qg6 28. Qxg6 hxg6 29. Ne7 Rc7 30. Nxg6+ Kh7 31. Nxf8+ Bxf8 32. Rg1 Bg7 33. Rcd1
Be5 34. Rg5 f4 35. Rd5 Rf7 36. Rdxe5 dxe5 37. Rxe5 e3 38. fxe3 f3 39. Kg1 f2+
40. Kf1 Kg6 41. e4 Rf4 42. Rf5 Rxe4 43. Rxf2 Kh5 44. c5 Re5 45. c6 Rc5 46. Rf7
Rxc6 47. Rxa7 Rc2 48. b4 Rb2 49. a3 Rb3 50. Ra5+ Kh4 51. b5 Kxh3 52. a4 Kg4 53.
Ra6 Kf5 54. b6 Ke6 55. a5 Kd6 56. Ra7 Kc6 57. Rc7+ Kb5 58. Rc8 Kxa5 59. Ra8+
Kb4 60. b7 Rb1+ 1-0

[Event "East Lansing (MOR/7)"]
[Site "?"]
[Date "1991.??.??"]
[Round "?"]
[White "Wolak, K."]
[Black "Davis, Michael"]
[Result "0-1"]
[WhiteElo "1605"]
[BlackElo "1605"]
[PlyCount "48"]
[EventDate "1991.??.??"]

1. e4 c5 2. d4 cxd4 3. c3 dxc3 4. Nxc3 g6 5. Bc4 Bg7 6. Nf3 e6 7. Bf4 Ne7 8.
Nb5 Na6 9. Nd6+ Kf8 10. O-O b6 11. Ne5 Qc7 12. Nxc8 Qxc8 13. Nxd7+ Kg8 14. Bxa6
Qxa6 15. Bg5 h6 16. Bxe7 Kh7 17. Nf6+ Bxf6 18. Bxf6 Rhe8 19. Qd7 Kg8 20. Rac1
Qxa2 21. Ra1 Qb3 22. Rxa7 e5 23. Qxf7+ Qxf7 24. Rxf7 Kxf7 0-1

[Event "East Lansing (MOR/1)"]
[Site "?"]
[Date "1991.??.??"]
[Round "?"]
[White "Wolak, K."]
[Black "Calton, David A"]
[Result "0-1"]
[WhiteElo "1605"]
[BlackElo "1655"]
[PlyCount "50"]
[EventDate "1991.??.??"]

1. e4 d5 2. exd5 Qxd5 3. Nc3 Qa5 4. Nf3 g6 5. d4 Bg7 6. Bf4 Nc6 7. Bb5 Bd7 8.
Bxc6 Bxc6 9. O-O O-O-O 10. Ne5 Bxe5 11. Bxe5 f6 12. Bf4 g5 13. Bd2 Rxd4 14. Ne4
Qd5 15. f3 h5 16. Qe2 f5 17. Bxg5 fxe4 18. fxe4 Qxg5 19. Rf8+ Kd7 20. Rd1 Qc5
21. Rf2 Nf6 22. e5 Ne4 23. e6+ Kc8 24. Rdf1 Rd2 25. Kh1 Nxf2+ 0-1

[Event "East Lansing (MOR/7)"]
[Site "?"]
[Date "1991.??.??"]
[Round "?"]
[White "Wisckol, Richard"]
[Black "Wanshon, Kevin"]
[Result "0-1"]
[WhiteElo "1765"]
[BlackElo "1705"]
[PlyCount "122"]
[EventDate "1991.??.??"]

1. c4 Nf6 2. Nc3 d5 3. cxd5 Nxd5 4. g3 g6 5. Bg2 c6 6. Nxd5 cxd5 7. Nf3 Bg7 8.
d4 O-O 9. O-O Nc6 10. e3 e6 11. a3 a5 12. Bd2 Qd6 13. b4 axb4 14. axb4 Bd7 15.
Qb3 b5 16. Rfc1 Ra4 17. Bf1 Rfa8 18. Rxa4 bxa4 19. Qa3 Bf8 20. Rb1 Rb8 21. Kg2
Nxb4 22. Ne5 Be8 23. Bxb4 Rxb4 24. Rxb4 Qxb4 25. Qxb4 Bxb4 26. Nd3 Bc3 27. Nc1
a3 28. Bd3 Ba4 29. Bb1 Kf8 30. Ba2 Ke7 31. Nd3 Kd6 32. Ne5 Be8 33. h4 h5 34. f3
f6 35. Nd3 e5 36. dxe5+ fxe5 37. Kf2 Bb5 38. Nc1 Kc5 39. g4 Bb2 40. Ne2 Bc4 41.
Bb1 a2 42. Bxa2 Bxa2 43. gxh5 gxh5 44. Kg3 Bc4 45. Ng1 d4 46. exd4+ exd4 47. f4
d3 48. Nf3 Bd5 49. Nd2 Bc1 50. Nf1 d2 51. Nxd2 Bxd2 52. f5 Kd4 53. f6 Ke3 54.
Kh3 Bc3 55. Kg3 Bxf6 56. Kh3 Kf3 57. Kh2 Bxh4 58. Kh3 Be1 59. Kh2 Kg4 60. Kg1
Kg3 61. Kf1 Bf2 0-1